| 000 | 03863ncm0a2200481 4500 | ||
|---|---|---|---|
| 001 | RU\NLR\ONIZ\266233 | ||
| 005 | 20250625024839.0 | ||
| 013 | _a979-0-706449-10-4 | ||
| 021 |
_aRU _b2020-000240 _92020-НО-П-15 |
||
| 035 | _a(NLR Aleph) 016285605 | ||
| 090 |
_a12929286 _c12929286 |
||
| 100 | _a20220608d2020 |||y0rusy50 ca | ||
| 101 | 0 |
_aeng _arus |
|
| 102 | _aRU | ||
| 125 | _aay | ||
| 145 | 0 | _au | |
| 200 | 1 |
_aКамерная музыка современных саратовских композиторов _bНоты _dThe chamber music of the contemporary Saratov composers _zeng _fВ. С. Мишле, С. П. Полозов, И. А. Субботин, В. В. Орлов |
|
| 203 |
_aМузыка _bзнаковая _bвизуальная _cнепосредственная |
||
| 208 | _aПартитура | ||
| 210 |
_aСаратов _cСаратовская государственная консерватория имени Л. В. Собинова _d2020 |
||
| 215 |
_a78 с. _cилл. _d29 см |
||
| 300 | _aСведения о композиторах: с. 74-76. | ||
| 300 | _aПарал. рус., англ. | ||
| 313 | _aСистематизация документа проведена по изданию - Методика классифицирования музыкальных произведений (нотных изданий) по таблицам Библиотечно-библиографических классификаций : метод. рекомендации / Гос. б-ка СССР им. В.И. Ленина.- М., 1977. Индексу ББК методических рекомендаций присваивается код ББК для научных библиотек - LBC/SL | ||
| 327 | 1 | _a1. Настроения : в пяти частях для фортепиано / В. Мишле. 2. Матвейкины мелодии (1. Шалун ; 2. Часики ; 3. Марш) : в трёх частях для фортепиано / С. Полозов ; 3. Basso ostinato : для фортепиано / С. Полозов. 4. Вокальный диптих (1. Волны ; 2. Средь видений) : на слова А. Блока : для сопрано и фортепиано / И. Субботин ; 5. Коктебель (1. Горный склон ; 2. Прибой ; 3. Над зыбкой рябью вод) : вокальный цикл на стихи М. Волошина : для баритона и фортепиано / И. Субботин. 6. Три птичьи истории : для флейты и фортепиано / В. Орлов ; 7. Семь багателей : для флейты, кларнета и фортепиано / В. Орлов | |
| 606 | 1 |
_aКамерная музыка саратовских композиторов _z21 век _jНоты _2nlr_sh |
|
| 686 | 0 | _aЩ9(2Р)я43 | |
| 700 | 1 |
_9z05790 _aМишле _bВ. С. _f1960- _gВладимир Станиславович _4230 _7ca |
|
| 701 | 1 |
_9z06790 _aПолозов _bС. П. _cкомпозитор _f1963- _gСергей Павлович _4230 _7ca |
|
| 701 | 1 |
_9z07790 _aСубботин _bИ. А. _f1980- _gИван Александрович _4230 _7ca |
|
| 701 | 1 |
_9z08790 _aОрлов _bВ. В. _cкомпозитор _f1986- _gВладимир Валерьевич _4230 _7ca |
|
| 790 | 1 |
_9z05700 _aMishle _bV. _f1960- _gVladimir _4230 _7ba |
|
| 790 | 1 |
_9z06701 _aPolozov _bS. P. _f1963- _gSergej Pavlovič _4230 _7ba |
|
| 790 | 1 |
_9z07701 _aSubbotin _bI. A. _f1980- _gIvan Aleksandrovič _4230 _7ba |
|
| 790 | 1 |
_9z08701 _aOrlov _bV. V. _f1986- _gVladimir Valer`evič _4230 _7ba |
|
| 801 | 0 |
_aRU _bNLR _c20220608 _gPSBO |
|
| 801 | 1 |
_aRU _bNLR _c20220608 _2rusmarc |
|
| 801 | 2 |
_aRU _bNLR _c20230206 |
|
| 852 |
_aNLR _bМ _jК-3/30806 _pМОЭ 44891 _t1 |
||
| 942 | _cSCORE | ||
| 980 | _aNB | ||
| 980 | _aONIZ | ||